| 000 | 02096cam a22004934i 4500 | ||
|---|---|---|---|
| 003 | PE-LiUPU | ||
| 005 | 20250731172807.0 | ||
| 008 | 150617s r 000 0 d | ||
| 035 | _a(Sirsi) a13430 | ||
| 040 |
_aPE-LiUPU _bspa _cPE-LiUPU _erda |
||
| 049 | _aPRUA | ||
| 082 | 0 | 4 |
_a230 _bR14 _221 |
| 100 | 1 |
_aRamm, Bernard L., _d1916- , _eautor. |
|
| 245 | 1 | 0 |
_aSpecial revelation and the word of God / _cBernard Ramm. |
| 264 | 1 |
_aGrand Rapids, Michigan : _bWilliam B. Eerdmans Publishing, _c1971. |
|
| 300 |
_a220 páginas ; _c21 cm |
||
| 336 |
_atext _2rdacontent |
||
| 337 |
_aunmediated _2rdamedia |
||
| 338 |
_avolume _2rdacarrier |
||
| 504 | _aIncluye bibliografía. | ||
| 505 | 0 | _aThe Concept of special Revelation. The Modalities of Special Revelation. The Modality of the Divine Condescension. The Modality of Divine speaking. The Modality of Historical Event. The Modality of the Incarnation -- The Products of Special Revelation. Revelation in the Form Language. The Knoweledge of God. Scripture. Translation. | |
| 526 | _aSEG42 | ||
| 526 | _aSEG41 | ||
| 526 | _aSEG40 | ||
| 526 | _aSEG39 | ||
| 526 | _aP94 | ||
| 526 | _aP87 | ||
| 526 | _aP86 | ||
| 526 | _aP85 | ||
| 526 | _aP77 | ||
| 526 | _aP76 | ||
| 526 | _aP35 | ||
| 650 | 0 | 4 | _aRevelación. |
| 910 |
_ajck _bjvq _cjck _d20150616 |
||
| 942 |
_2ddc _cBOOK |
||
| 949 |
_a230 R14 _wDEWEY _c1 _i49930 _lCCODEBUL1 _mBUL _p00.00 _r0 _sY _tBOOK _u2015-04-22 _xTEOLOGIA _PP35 _0COMPRA _o.STAFF. Colección General |
||
| 949 |
_a230 R14 _wDEWEY _c2 _i18472 _lCCODEBUL1 _mBUL _p5 _r0 _sY _tBOOK _u19801219 _xTEOLOGIA _PP35 _0COMPRA _o.STAFF. Colección General |
||
| 994 |
_aC0 _bPEPRU |
||
| 596 | _a1 | ||
| 999 |
_a230 R14 _wDEWEY _c3797 _i49930 _d3797 _f2021-11-9 _g5 _lCCODEBUL1 _mBUL _q1 _r0 _sY _tBOOK _u2015-4-22 _xTEOLOGIA _PP35 _0COMPRA _o.STAFF. Colección General |
||
| 999 |
_a230 R14 _wDEWEY _c2 _i18472 _f2021-11-9 _g5 _lCCODEBUL1 _mBUL _r0 _sY _tBOOK _u2015-6-17 _xTEOLOGIA _PP35 _0COMPRA _o.STAFF. Colección General |
||
| 980 |
_81 _gALBERTO SANCHEZ Responsable de Automatización |
||